Statistics for Click the Fleetwood Mac Song Title Ending

Click here to take the quiz!

General Stats

  • This quiz has been taken 542 times
  • The average score is 16 of 22

Answer Stats

HintAnswer% Correct
Go Your OwnWay
98%
Don'tStop
96%
Never Going BackAgain
95%
You Make LovingFun
94%
I'm SoAfraid
90%
HoldMe
88%
Skies theLimit
84%
WithoutYou
84%
MondayMorning
83%
Black MagicWoman
82%
Tango in theNight
81%
SevenWonders
78%
LittleLies
74%
FamilyMan
67%
BeautifulChild
64%
Sisters of theMoon
64%
Second HandNews
62%
SilverSprings
57%
BigLove
54%
OhWell
44%
The GreenManalishi
42%
WarmWays
32%

Score Distribution

Percentile by Number Answered

Percent of People with Each Score

Your Score History

You have not taken this quiz